Normal view
MARC view
- Roma
Entry Nombre Geográfico
001 - NÚMERO DE CONTROL
- campo de control: 4132
003 - IDENTIFICADOR DE NUMERO DE CONTROL
- campo de control: UPN
005 - FECHA Y HORA DE LA ÜLTIMA TRANSACCIÓN
- campo de control: 20220810203320.0
008 - DATOS DE LONGITUD FIJA
- campo de control de longitud fija: 220810nn acannaabn n ana d
035 ## - NÚMERO DE CONTROL
- Número de control: UPN10000004132
040 ## - FUENTE DE CATALOGACIÓN
- Lenguaje de catalogación: SPA
- Agencia de transcripción: UPN
- Agencia de catalogación original: UPN
151 ## - ENCABEZAMIENTO - NOMBRE GEOGRÁFICO
- Nombre geográfico: Roma
- Subdivisión general : Historia
- Subdivisión cronológica : Imperio, 30 A.c.-284 D.c.
670 ## - FUENTE EN LA QUE SE LOCALIZARON DATOS
- Cita de la fuente: E
902 ## - CATALOGADOR
- Catalogador: CAA/140996
